A Logisztika 4.0 hatása a vállalatok versenyképességére a CEP szolgáltatók iparágában
| Szerző: | |
|---|---|
| További közreműködők: | |
| Dokumentumtípus: | Diplomadolgozat |
| Kulcsszavak: | CEP digitalizáció logisztika 4.0 technológiai fejlődés versenyképesség |
| Online Access: | http://dolgozattar.uni-bge.hu/59696 |
MARC
| LEADER | 00000nta a2200000 i 4500 | ||
|---|---|---|---|
| 001 | dolg59696 | ||
| 005 | 20260409145435.0 | ||
| 008 | 260409suuuu hu om 000 hun d | ||
| 040 | |a BGE Dolgozattár Repozitórium |b hun | ||
| 041 | |a hu | ||
| 100 | 1 | |a Kökény Zsófia | |
| 245 | 1 | 2 | |a A Logisztika 4.0 hatása a vállalatok versenyképességére a CEP szolgáltatók iparágában |c Kökény Zsófia |h [elektronikus dokumentum] |
| 520 | 3 | |a Dolgozatomban a negyedik ipari forradalom technológiai újításai révén létrejött Logisztika 4.0 hatását vizsgálom a CEP iparág szolgáltatóinak versenyképességére, különös tekintettel a magyarországi FedEx működésére. Kutatásomhoz kvalitatív módszert alkalmaztam, mely során félig strukturált interjút készítettem a vállalat hálózati igazgatójával, operatív tevékenységet végző munkavállalóival és alvállalkozójával. Az interjúk során szerzett információk alapján átfogó képet kaptam a digitális átalakulás jelenlegi helyzetéről és a fejlesztendő területekről. A vállalat versenykörnyezetének és versenytársainak elemzésére is kitértem a dolgozatomban és arra a következtetésre jutottam, hogy manapság a Logisztika 4.0 technológiák implementálása nemcsak egy lehetőség, hanem elengedhetetlen ahhoz, hogy a piaci szereplők versenyképesek tudjanak maradni és megtartsák piaci részesedésüket. Továbbá a digitalizáció korában létfontosságú a humán munkaerő digitális készségeinek folyamatos fejlesztése, hiszen a technológia önmagában nem jelent versenyelőnyt. A dolgozatomban nagy hangsúlyt kapott a fenntarthatóság is, hiszen a káros környezeti hatások csökkentése a fejlett technológiák segítségével valósítható meg, tehát szoros összefüggésben állnak egymással. | |
| 695 | |a CEP | ||
| 695 | |a digitalizáció | ||
| 695 | |a logisztika 4.0 | ||
| 695 | |a technológiai fejlődés | ||
| 695 | |a versenyképesség | ||
| 700 | 1 | |a Eckert Bálint |e ths | |
| 856 | 4 | 0 | |u http://dolgozattar.uni-bge.hu/59696/1/SZAKDOLGOZAT_K%C3%B6k%C3%A9ny%20Zs%C3%B3fia.pdf |z Dokumentum-elérés |
| 856 | 4 | 0 | |u http://dolgozattar.uni-bge.hu/59696/2/kokeny_zsofia_biralat_csotom.pdf |z Dokumentum-elérés |
| 856 | 4 | 0 | |u http://dolgozattar.uni-bge.hu/59696/3/K%C3%B6k%C3%A9ny%20Zs%C3%B3fia.pdf |z Dokumentum-elérés |